Memorable episodes of the great little son of India : (Record no. 129668)
[ view plain ]
| 000 -LEADER | |
|---|---|
| fixed length control field | 00832nam a22002657a 4500 |
| 003 - CONTROL NUMBER IDENTIFIER | |
| control field | dpl |
| 005 - DATE AND TIME OF LATEST TRANSACTION | |
| control field | 20180522171517.0 |
| 008 - FIXED-LENGTH DATA ELEMENTS--GENERAL INFORMATION | |
| fixed length control field | 180522b xxu||||| |||| 00| 0 eng d |
| 010 ## - LIBRARY OF CONGRESS CONTROL NUMBER | |
| LC control number | B-094386 |
| 020 ## - INTERNATIONAL STANDARD BOOK NUMBER | |
| Terms of availability | 325.00 |
| 035 ## - SYSTEM CONTROL NUMBER | |
| System control number | B-094386, B-94404 |
| 037 ## - SOURCE OF ACQUISITION | |
| Source of stock number/acquisition | Cen Lib/Ret |
| 040 ## - CATALOGING SOURCE | |
| Original cataloging agency | DPL |
| Language of cataloging | EN |
| Transcribing agency | 0 |
| 082 ## - DEWEY DECIMAL CLASSIFICATION NUMBER | |
| Classification number | 921 |
| Item number | JAS |
| 100 ## - MAIN ENTRY--PERSONAL NAME | |
| Personal name | Jasra, M.S. |
| 9 (RLIN) | 27083 |
| 245 ## - TITLE STATEMENT | |
| Title | Memorable episodes of the great little son of India : |
| Statement of responsibility, etc | by M.S. Jasra |
| Remainder of title | Bharat Putra / |
| 250 ## - EDITION STATEMENT | |
| Edition statement | 2nd ed |
| 260 ## - PUBLICATION, DISTRIBUTION, ETC. (IMPRINT) | |
| Place of publication, distribution, etc | New Delhi |
| Name of publisher, distributor, etc | Lilliputians |
| Date of publication, distribution, etc | 2005 |
| 270 ## - ADDRESS | |
| City | New Delhi |
| Address | Gate No.4, Pragati Maidan |
| Postal code | 110001 |
| 300 ## - PHYSICAL DESCRIPTION | |
| Extent | 189p. : |
| Dimensions | 22cm(Hb) |
| Other physical details | ill. |
| 500 ## - GENERAL NOTE | |
| General note | Includes index<br/> |
| 650 ## - SUBJECT ADDED ENTRY--TOPICAL TERM | |
| Topical term or geographic name as entry element | Shastri, Lal Bahadur, -- 1904-1966 |
| 9 (RLIN) | 27084 |
| 650 ## - SUBJECT ADDED ENTRY--TOPICAL TERM | |
| Topical term or geographic name as entry element | Prime ministers -- India -- Biography |
| 9 (RLIN) | 74275 |
| 942 ## - ADDED ENTRY ELEMENTS (KOHA) | |
| Source of classification or shelving scheme | Dewey Decimal Classification |
| Koha item type | English Books |
| Classification part | 921 |
| Call number suffix | JAS |
| Withdrawn status | Lost status | Damaged status | Not for loan | Home library | Current library | Date acquired | Source of acquisition | Cost, normal purchase price | Total Checkouts | Full call number | Barcode | Date last seen | Copy number | Cost, replacement price | Price effective from | Koha item type | Source of classification or shelving scheme | Collection code |
|---|---|---|---|---|---|---|---|---|---|---|---|---|---|---|---|---|---|---|
| Central Library | Central Library | 07/07/2015 | Cen Lib/Ret | 325.00 | 921 JAS | B-094386 | 07/07/2015 | 1 | 325.00 | 07/07/2015 | English Books | |||||||
| Central Library | Central Library | 01/12/2016 | Cen Lib/Ret | 325.00 | 921 JAS | B-181259 | 01/12/2016 | 2 | 325.00 | 01/12/2016 | English Books | Dewey Decimal Classification | ||||||
| Shahdara Branch | Shahdara Branch | 22/05/2018 | BPPD/PUB | 325.00 | 921 JAS | B-94404 | 22/05/2018 | 325.00 | 22/05/2018 | English Books | Dewey Decimal Classification | Non-fiction |
